[Event "Gonzaga Masters 2016"]
[Site "Dublin IRL"]
[Date "2016.01.24"]
[Round "5"]
[White "Melaugh, Shane"]
[Black "Beatty, Ross"]
[Result "1-0"]
[WhiteElo "1684"]
[BlackElo "1737"]
[WhiteICU "1684"]
[BlackICU "1752"]
[WhiteClub "Elm Mount"]
[BlackClub "St. Benildus"]
[WhiteNationality "IRL"]
[BlackNationality "IRL"]
[WhiteFideId "2509580"]
[BlackFideId "2507552"]
[PlyCount "125"]
[EventDate "2016.01.22"]
[Source "Herbert Scarry, via Dylan Boland"]

{ Reference: <a
href="http://www.irlchess.com/gonzaga2016_allfiles/pairings_gonzaga2016.html">Tournament
report</a>. } { Event information: <a
href="http://ratings.icu.ie/tournaments/781">Pairings &amp; results</a>,
ICU ratings web site. }

1. c4 Nf6 2. Nc3 c6 3. g3 d5 4. cxd5 cxd5 5. d4 Nc6 6. Bg2 Bf5 7. a3 e6 8.
Nf3 Qb6 9. O-O Be7 10. e3 O-O 11. Re1 Rac8 12. Na4 Qc7 13. Bd2 Na5 14. Rc1
Bc2 15. Bxa5 Bxd1 16. Bxc7 Bxa4 17. Ba5 Ne4 18. Nd2 Nd6 19. Bf1 Bc2 20. Bc3
Bf5 21. b4 b5 22. Bb2 Nc4 23. Nxc4 bxc4 24. f3 Bg5 25. h4 Bf6 26. e4 Bg6
27. Bh3 Rb8 28. Bc3 Rfd8 29. Rcd1 h6 30. Bg2 Rb7 31. Bf1 Rbd7 32. e5 Be7
33. Rd2 Rb7 34. Ra2 Rdb8 35. Rc1 a5 36. bxa5 Rb3 37. Bb4 Bxb4 38. axb4 Rxf3
39. a6 Rxg3+ 40. Kf2 Rb3 41. a7 Ra8 42. Ra4 f6 43. Rca1 Kf7 44. Bg2 Ke7 45.
b5 Rxb5 46. Rxc4 Rb2+ 47. Ke3 Rxg2 48. Rb4 Be8 49. Rb7+ Bd7 50. Ra6 Rc2 51.
Rd6 fxe5 52. dxe5 Rd8 53. Rdxd7+ Rxd7 54. Rxd7+ Kxd7 55. a8=Q Rc8 56. Qa3
Ke8 57. Qd6 d4+ 58. Ke4 Rc1 59. Qxe6+ Kf8 60. Qg6 Rd1 61. e6 Ke7 62. Qxg7+
Kxe6 63. Qg4+ 1-0

[Event "Gonzaga Masters 2016"]
[Site "Dublin IRL"]
[Date "2016.01.24"]
[Round "5"]
[White "Goss, Alex"]
[Black "Scott, Luke"]
[Result "0-1"]
[WhiteElo "1715"]
[BlackElo "1829"]
[WhiteICU "1477"]
[BlackICU "1727"]
[WhiteClub "Elm Mount"]
[BlackClub "Blanchardstown"]
[WhiteNationality "IRL"]
[BlackNationality "IRL"]
[WhiteFideId "2509407"]
[BlackFideId "2507986"]
[PlyCount "60"]
[EventDate "2016.01.22"]
[Source "Herbert Scarry, via Dylan Boland"]

{ Reference: <a
href="http://www.irlchess.com/gonzaga2016_allfiles/pairings_gonzaga2016.html">Tournament
report</a>. } { Event information: <a
href="http://ratings.icu.ie/tournaments/781">Pairings &amp; results</a>,
ICU ratings web site. }

1. d4 Nf6 2. c4 c5 3. d5 b5 4. cxb5 a6 5. b6 g6 6. Nc3 Bg7 7. e4 d6 8. Bd3
O-O 9. Nge2 e6 10. Qb3 Qe7 11. Nf4 g5 12. Nfe2 Ng4 13. h3 Ne5 14. Bc4 Nxc4
15. Qxc4 Nd7 16. O-O Ne5 17. Qb3 Rb8 18. a4 Kh8 19. Nd1 exd5 20. exd5 g4
21. Nf4 gxh3 22. Nxh3 Rxb6 23. Qxb6 Nf3+ 24. Kh1 Bxh3 25. Bf4 Bxg2+ 26.
Kxg2 Qe4 27. Bg3 Ne1+ 28. Kh3 Qg2+ 29. Kg4 f5+ 30. Kh5 Qh3+ 0-1

[Event "Gonzaga Masters 2016"]
[Site "Dublin IRL"]
[Date "2016.01.24"]
[Round "5"]
[White "Moran, Stephen"]
[Black "Cichonski, Bartlomiej"]
[Result "1/2-1/2"]
[WhiteElo "2128"]
[BlackElo "2008"]
[WhiteICU "2123"]
[BlackICU "1947"]
[WhiteClub "T.C.D."]
[BlackClub "Balbriggan"]
[WhiteNationality "IRL"]
[BlackNationality "IRL"]
[WhiteFideId "2501872"]
[BlackFideId "2503620"]
[PlyCount "46"]
[EventDate "2016.01.22"]
[Source "Herbert Scarry, via Dylan Boland"]

{ Reference: <a
href="http://www.irlchess.com/gonzaga2016_allfiles/pairings_gonzaga2016.html">Tournament
report</a>. } { Event information: <a
href="http://ratings.icu.ie/tournaments/781">Pairings &amp; results</a>,
ICU ratings web site. }

1. d4 f5 2. Bg5 g6 3. Nc3 Bg7 4. h4 h6 5. Bf4 Nf6 6. e3 c6 7. Qd2 d6 8.
O-O-O Qa5 9. f3 Nd5 10. Nxd5 Qxd2+ 11. Rxd2 cxd5 12. Bg3 Be6 13. Bb5+ Bd7
14. Bxd7+ Nxd7 15. Ne2 Nf6 16. Nf4 Kf7 17. Nd3 g5 18. hxg5 hxg5 19. Rdd1
Rac8 20. Kd2 Nh5 21. Bf2 Nf6 22. Bg3 Nh5 23. Bf2 Nf6 1/2-1/2

[Event "Gonzaga Masters 2016"]
[Site "Dublin IRL"]
[Date "2016.01.24"]
[Round "5"]
[White "Higgins, Michael"]
[Black "Copeland, Dean"]
[Result "1-0"]
[WhiteElo "1629"]
[BlackElo "1801"]
[WhiteICU "1771"]
[BlackICU "1603"]
[WhiteClub "Rathmines Jrs"]
[BlackClub "Enniscorthy"]
[WhiteNationality "IRL"]
[BlackNationality "IRL"]
[WhiteFideId "2507153"]
[BlackFideId "368178551"]
[PlyCount "49"]
[EventDate "2016.01.22"]
[Source "Herbert Scarry, via Dylan Boland"]

{ Reference: <a
href="http://www.irlchess.com/gonzaga2016_allfiles/pairings_gonzaga2016.html">Tournament
report</a>. } { Event information: <a
href="http://ratings.icu.ie/tournaments/781">Pairings &amp; results</a>,
ICU ratings web site. }

1. c4 e5 2. g3 Nf6 3. Bg2 d5 4. cxd5 Nxd5 5. Nc3 Nb6 6. d3 Nc6 7. Nf3 Be7
8. O-O O-O 9. a3 a5 10. Be3 Ra6 11. Nd2 f5 12. Bxb6 Rxb6 13. Nc4 Ra6 14.
Bxc6 Rxc6 15. Nxe5 Ra6 16. Qb3+ Re6 17. Nd5 Kh8 18. d4 c6 19. Nf4 Ref6 20.
Nh5 Re6 21. Nf4 Ref6 22. Rfd1 Bd6 23. Rac1 Qe7 24. Qc3 Re8 25. Qxa5 1-0

[Event "Gonzaga Masters 2016"]
[Site "Dublin IRL"]
[Date "2016.01.24"]
[Round "5"]
[White "Nunes, Franklin"]
[Black "Haque, Mustakim-Ul"]
[Result "1-0"]
[WhiteElo "1877"]
[BlackElo "1846"]
[WhiteICU "1826"]
[BlackICU "1778"]
[WhiteClub "Rathmines"]
[BlackClub "Rathmines Jrs"]
[WhiteNationality "BRA"]
[BlackNationality "IRL"]
[WhiteFideId "2158272"]
[BlackFideId "2509334"]
[PlyCount "46"]
[EventDate "2016.01.22"]
[Source "Herbert Scarry, via Dylan Boland"]

{ Reference: <a
href="http://www.irlchess.com/gonzaga2016_allfiles/pairings_gonzaga2016.html">Tournament
report</a>. } { Event information: <a
href="http://ratings.icu.ie/tournaments/781">Pairings &amp; results</a>,
ICU ratings web site. }

1. e4 c6 2. d4 d5 3. Nc3 dxe4 4. Nxe4 Nf6 5. Nxf6+ exf6 6. Nf3 Bd6 7. Be3
Be6 8. Bd3 Nd7 9. c4 Qc7 10. Qc2 h6 11. a3 f5 12. c5 Bf4 13. Bxf5 Bxf5 14.
Qxf5 Bxe3 15. fxe3 O-O 16. O-O Rac8 17. e4 Nf6 18. Rae1 Rfe8 19. e5 Nd5 20.
Nd2 Qa5 21. Nc4 Qa4 22. Qd3 b5 23. Nd6 a5 1-0

[Event "Gonzaga Masters 2016"]
[Site "Dublin IRL"]
[Date "2016.01.24"]
[Round "5"]
[White "O'Gorman, Tom"]
[Black "Vlaicevic, Marin"]
[Result "1/2-1/2"]
[WhiteElo "2010"]
[BlackElo "1993"]
[WhiteICU "2135"]
[BlackICU "1948"]
[WhiteClub "Dun Laoghaire"]
[BlackClub "Rathmines"]
[WhiteNationality "IRL"]
[BlackNationality "CRO"]
[WhiteFideId "2508249"]
[BlackFideId "14512394"]
[PlyCount "73"]
[EventDate "2016.01.22"]
[Source "Herbert Scarry, via Dylan Boland"]

{ Reference: <a
href="http://www.irlchess.com/gonzaga2016_allfiles/pairings_gonzaga2016.html">Tournament
report</a>. } { Event information: <a
href="http://ratings.icu.ie/tournaments/781">Pairings &amp; results</a>,
ICU ratings web site. }

1. e4 e5 2. Nf3 d6 3. d4 Nf6 4. dxe5 Nxe4 5. Bc4 Nc5 6. O-O Be7 7. exd6
Qxd6 8. Qxd6 Bxd6 9. Re1+ Ne6 10. Nd4 O-O 11. Nxe6 Re8 12. Nc3 Bxe6 13.
Bxe6 Rxe6 14. Rxe6 fxe6 15. Be3 Nc6 16. Re1 Bb4 17. Bf4 Bxc3 18. bxc3 e5
19. Bxe5 Re8 20. f4 Nxe5 21. fxe5 Kf7 22. Kf2 Ke6 23. Rd1 Re7 24. Kf3 Kxe5
25. Re1+ Kd6 26. Rxe7 Kxe7 27. Ke3 Kd6 28. Kd4 c5+ 29. Kd3 b5 30. c4 b4 31.
Ke4 Ke6 32. Kf4 h6 33. Ke4 g5 34. h3 a6 35. g3 a5 36. h4 gxh4 37. gxh4
1/2-1/2